Prénom en commun #9 - Thomas - Statistiques

Statistiques générales
  • Ce quiz a été pris 249 fois
  • Le résultat moyen est 5 sur 13
Statistiques - réponses
Indice Prénom Nom % Correct
Spationaute et premier français commandant de l'ISS. Thomas Pesquet
93%
L'un des principaux inventeurs du cinéma et de l'enregistrement du son, cet inventeur américain prolifique déposa plus de 1000 brevets. Thomas Edison
81%
Principal rédacteur de la Déclaration d'indépendance des États-Unis en 1776, puis 3ème président des États-Unis. Thomas Jefferson
69%
Chanteur et musicien français, auteur de l'album 'Comme un manouche sans guitare'. Thomas Dutronc
63%
Footballeur international allemand qui permet à l'Allemagne de remporter la Coupe du monde 2014 avec ses 5 buts. Thomas Müller
56%
Humoriste et acteur français d'origine camerounaise, révélé au sein du Jamel Comedy Club. Thomas Ngijol
52%
Religieux de l'ordre dominicain, célèbre pour son œuvre théologique et philosophique, canonisé en 1323. Thomas D'Aquin
36%
Président du Burkina Faso de 1983 à 1987, icône révolutionnaire connu comme « Che Guevara africain ». Thomas Sankara
21%
Comédien, chroniqueur radio et humoriste français, chez France Inter depuis 2014. Thomas VDB / Vandenberghe
21%
Philosophe anglais du XVIIème siècle, dont l'œuvre majeure s'intitule 'Léviathan'. Thomas Hobbes
18%
Officier et écrivain britannique, connu sous le nom de Lawrence d'Arabie. Thomas Lawrence
13%
Acteur anglais vu dans 'Le Labyrinthe' , 'Le Trône de Fer', ou encore 'Le Jeu de la Dame'. Thomas Brodie-Sangster
12%
Auteur-compositeur-interprète français, connu pour 'Le Bal des Oiseaux' ou 'Les Malheurs du Lion'. Thomas Fersen
10%
Aucun quiz correspondant
Distribution des résultats
% des personnes avec chaque résultat
Percentile par nombre de réponses
Votre historique - résultats
Vous n’avez pas pris ce quiz